All Languages Official In More Than One Country - Statistics

General Stats
  • This quiz has been taken 121 times
  • The average score is 18 of 25
Answer Stats
Language % Correct
English
100%
Spanish
100%
French
98%
Portuguese
97%
Arabic
96%
Russian
95%
German
94%
Italian
92%
Korean
90%
Mandarin
85%
Dutch
84%
Greek
83%
Turkish
83%
Swedish
76%
Malay
71%
Swahili
71%
Serbian
67%
Persian
61%
Romanian
59%
Tamil
53%
Albanian
45%
Quechua
37%
Sotho
37%
Swazi
27%
Slovak
19%
No matching quizzes found
Score Distribution
Percent of People with Each Score
Percentile by Number Answered
Your Score History
You have not taken this quiz